000 00857nam a2200241 a 4500
999 _c11732
_d11732
001 11732
003 BD-JhCC
005 20200810104137.0
008 200810t20162019nyua j 001 0 eng d
020 _a9781465463098
035 _a(BD-JhCC)11732
041 _aeng
082 _a550
_bSHA 2019
100 1 _aSharif-Draper, Maryam,
245 0 0 _aScience /
_c Maryam Sharif-Draper.
260 _aLondon :
_bDK Children,
_c2019
300 _a64 pages :
_bcolor illustrations ;
_c24 cm.
490 1 _aDK find out!
500 _aIncludes index.
520 _aHave you ever wanted to know which is the tallest mountain on Earth? Or which continent is the largest? DKfindout! Earth is packed with surprising facts and amazing pictures. It is a fascinating book filled with big ideas.
650 0 _aEarth sciences
_vJuvenile literature.
942 _2ddc
_cBK